000 01164cam a2200325 i 4500
001 000005616
003 DO-SdBNP
005 20240503073630.0
007 ta
008 830825k19481950sp 000 f spa d
040 _aDO-SdBNP
_bspa
_cBNPHU
_erda
082 4 _a863.3
_bC419d 1948
_222
100 1 _aCervantes Saavedra, Miguel de,
_d1547-1616
_93070
245 1 3 _aEl ingenioso hidalgo don Quijote de la Mancha /
_cCervantes ; edición y notas de Francisco Rodríguez Marín de la Real Academia Española
250 _a5a. ed.
264 _aMadrid :
_bEspasa-Calpe,
_c1948-1950.
300 _avolumen ;
_c19 cm.
336 _2rdacontent
_atexto
_btxt
337 _2rdamedia
_asin mediación
_bn
338 _2rdacarrier
_avolumen
_bnc
490 1 _aClásicos castellanos
_v4, 6, 8, 10, 19
500 _aLa biblioteca posee los volúmenes: 1, 2, 3, 4, 7
590 _aInventariado, 2023/BT
650 4 _aNovela española
_91123
650 4 _aLiteratura española
_9632
700 1 _aRodríguez Marín, Francisco,
_eedición
_915860
830 0 _aClásicos castellanos ;
_v4, 6,8,10, 19
_94180
910 _aValidado. Control de calidad MFF
942 _2ddc
_cLBS1
999 _c5415
_d5415